000 004970000a22001930004500
001 001897
003 MACL
005 20150726132157.0
008 150726b xxu||||| |||| 00| 0 eng d
040 _aMACL
_cMACL
041 _aEnglish
082 _a330/MIT
100 _aMital, Surendra
_92370
245 _aKautilya Arthasastra Revisited
_cSurendra Mital
260 _aNew Delhi
_c2000
_bMunshiram Manhoharlal Publishers,
350 _a225
650 _aEconomics
_92558
942 _k330
_cBK
_2ddc
999 _c13813
_d13813